Все римские императоры - Statistics

General Stats
  • This quiz has been taken 29 times
  • The average score is 22 of 104
Answer Stats
Годы правления Династия Император % Correct
27 до н.э. - 14 Юлии-Клавдии Октавиан Август
89%
54 - 68 Юлии-Клавдии Нерон
70%
41 - 54 Юлии-Клавдии Клавдий I
70%
268 - 270 Иллирийский император Клавдий II
70%
37 - 41 Юлии-Клавдии Калигула
63%
169 - 180 Антонины (соправитель до 169 и с 177) Марк Аврелий
63%
14 - 37 Юлии-Клавдии Тиберий
52%
333 - 350 Констанции-Флавии (цезарь до 337, соправитель-август с 337) Констант
52%
474 - 475 Император Западной Римской Империи Юлий Непот
52%
475 - 476 Император Западной Римской Империи Ромул Августул
52%
79 - 81 Флавии Тит
48%
306 - 337 Констанции-Флавии, тетрархия (западный цезарь до 312, западный август в 312 - 324, единоличный август с 324) Константин I Великий
48%
317 - 340 Констанции-Флавии (западный цезарь, соправитель-август с 337) Константин II
48%
98 - 117 Антонины Траян
44%
351 - 354 Констанции-Флавии (восточный цезарь) Констанций Галл
44%
421 - 421 Император Западной Римской Империи (соправитель) Констанций III
41%
293 - 306 Констанции-Флавии, тетрархия (западный цезарь до 305, западный август с 305) Констанций I Хлор
41%
324 - 361 Констанции-Флавии (восточный цезарь до 337, соправитель-август в 337 - 350, единоличный август с 350) Констанций II
41%
355 - 363 Констанции-Флавии (цезарь до 361, единоличный август с 361) Юлиан II Отступник
41%
69 - 79 Флавии Веспасиан
37%
138 - 161 Антонины Антонин Пий
37%
180 - 192 Антонины (соправитель до 180) Коммод
37%
193 - 211 Северы (соправитель до 195 и со 198) Септимий Север
37%
284 - 305 Тетрархия (единоличный август до 286, восточный август с 286) Диоклетиан
37%
96 - 98 Антонины Нерва
33%
117 - 138 Антонины Адриан
33%
316 - 317 Тетрархия (западный август, провозглашенный восточным августом) Валент I
33%
364 - 378 Валентианы (восточный август) Валент II
33%
222 - 235 Северы Александр Север
30%
283 - 283 Иллирийский император Кар
30%
394 - 423 Император Западной Римской Империи (соправитель в 421) Гонорий
30%
81 - 96 Флавии Домициан
26%
198 - 217 Северы (соправитель в 198 - 211, 211) Каракалла
26%
244 - 249 Гражданская война III века, солдатский император (соправитель с 247) Филипп I Араб
26%
253 - 260 Гражданская война III века, солдатский император (соправитель) Валериан I
26%
247 - 249 Гражданская война III века, солдатский император (соправитель) Филипп II
26%
68 - 69 Гражданская война 68-69 годов, без династии Гальба
22%
69 - 69 Гражданская война 68-69 годов, без династии Отон
22%
161 - 169 Антонины (соправитель) Луций Вер
22%
251 - 253 Гражданская война III века, солдатский император (соправитель в 251, 251 - 253) Требониан Галл
22%
364 - 375 Валентианы (единоличный август до 364, западный август с 364, соправитель с 367) Валентиан I
22%
379 - 395 Валентианы (восточный август до 394, император Восточной Римской империи с 394) Феодосий I Великий
22%
375 - 392 Валентианы (западный август-соправитель до 383, в 383 - 387) Валентиан II
22%
423 - 455 Император Западной Римской Империи Валентиан III
22%
235 - 238 Гражданская война III века, солдатский император Максимин I Фракиец
19%
305 - 313 Тетрархия (восточный цезарь до 310, восточный август с 310) Максимин II Даза
19%
211 - 211 Северы (соправитель) Гета
15%
249 - 251 Гражданская война III века, солдатский император (соправитель с 251) Деций Траян
15%
270 - 275 Иллирийский император Аврелиан
15%
276 - 282 Иллирийский император Проб
15%
283 - 285 Иллирийский император (соправитель до 284) Карин
15%
293 - 310 Тетрархия (восточный цезарь до 305, восточный август с 305) Галерий
15%
455 - 455 Император Западной Римской Империи Петроний Максим
15%
392 - 394 Без династии (западный август) Флавий Евгений
15%
69 - 69 Гражданская война 68-69 годов, без династии Вителлий
11%
193 - 193 Гражданская война 193 - 194 годов, без династии Пертинакс
11%
193 - 193 Гражданская война 193 - 194 годов, без династии Дидий Юлиан
11%
193 - 194 Гражданская война 193 - 194 годов, без династии, контролировал Сирию и Египет Песцений Нигер
11%
217 - 218 Без династии (соправитель в 218) Макрин
11%
218 - 222 Северы Гелиогабал
11%
238 - 238 Гражданская война III века, солдатский император Пупиен
11%
238 - 238 Гражданская война III века, солдатский император Бальбин
11%
253 - 253 Гражданская война III века, солдатский император Эмилиан
11%
253 - 268 Гражданская война III века, солдатский император (соправитель в 253 - 260) Галлиен
11%
270 - 270 Иллирийский император Квинтилл
11%
275 - 276 Иллирийский император Тацит
11%
276 - 276 Иллирийский император Флориан
11%
363 - 364 Констанции-Флавии (единоличный август) Иовиан
11%
467 - 472 Император Западной Римской Империи Прокопий Антемий
11%
472 - 472 Император Западной Римской Империи Олибрий
11%
473 - 474 Император Западной Римской Империи Глицерий
11%
238 - 238 Гражданская война III века, солдатский император (соправитель) Гордиан I
11%
238 - 238 Гражданская война III века, солдатский император (соправитель) Гордиан II
11%
238 - 244 Гражданская война III века, солдатский император Гордиан III
11%
267 - 273 Императрица независимой Пальмиры (соправитель) Зенобия
7%
307 - 324 Тетрархия (западный цезарь до 308, западный август в 308 - 312, восточный август с 312) Лициний
7%
455 - 457 Император Западной Римской Империи Авит
7%
461 - 465 Император Западной Римской Империи Либий Север
7%
193 - 197 Северы (соправитель до 195, самопровозглашенный император в Галлии в 195 - 197) Децим Клодий Альбин
4%
251 - 253 Гражданская война III века, солдатский император (соправитель) Волузиан
4%
283 - 284 Иллирийский император (соправитель) Нумериан
4%
285 - 305 Тетрархия (единоличный цезарь в 285 - 286, западный август с 286) Максимиан
4%
305 - 306 Тетрархия (западный цезарь до 306, западный август с 306) Флавий Север
4%
383 - 388 Без династии (западный август-соправитель) Магн Максим
4%
387 - 388 Без династии (западный август-соправитель) Флавий Виктор
4%
457 - 461 Император Западной Римской Империи Майориан
4%
218 - 218 Без династии (соправитель в 218) Диадумениан
0%
251 - 251 Гражданская война III века, солдатский император (соправитель) Геренний Этруск
0%
251 - 251 Гражданская война III века, солдатский император (соправитель) Гостилиан
0%
260 - 260 Гражданская война III века, солдатский император (соправитель) Салонин
0%
260 - 269 Император независимой Галлии Постум
0%
269 - 269 Император независимой Галлии Марий
0%
269 - 271 Император независимой Галлии Викторин
0%
260 - 267 Император независимой Пальмиры (соправитель с 264) Оденат
0%
264 - 267 Император независимой Пальмиры (соправитель) Герод
0%
267 - 273 Император независимой Пальмиры (соправитель) Вабаллат
0%
324 - 324 Тетрархия (западный август, провозглашенный восточным августом) Мартиниан
0%
317 - 326 Констанции-Флавии (западный цезарь) Крисп
0%
335 - 337 Констанции-Флавии (цезарь) Далмаций Младший
0%
335 - 337 Констанции-Флавии (цезарь) Ганнибалиан Младший
0%
350 - 350 Констанции-Флавии (соправитель-август) Ветранион
0%
367 - 383 Валентианы (западный август-соправитель до 375, в 375 - 383) Грациан
0%
271 - 274 Император независимой Галлии (соправитель с 273) Тетрик I
0%
273 - 274 Император независимой Галлии (соправитель) Тетрик II
0%
No matching quizzes found
Score Distribution
Percent of People with Each Score
Percentile by Number Answered
Your Score History
You have not taken this quiz